The noble scholar, jurist, historian


 His Excellency Dr. Abdul Wahhab bin Ibrahim Abu Sulaiman, may Allah have mercy on him.


 He was born in Umm Al-Qura in the year 1356 AH.

طليعة فقه الإسناد وكشف حقيقة المعترض على الأئمة النقاد / (Record no. 11811)

MARC details
000 -LEADER
fixed length control field 02656cam a2200325 i 4500
003 - CONTROL NUMBER IDENTIFIER
control field SA-RiAUC
005 - DATE AND TIME OF LATEST TRANSACTION
control field 20250916122225.0
008 - FIXED-LENGTH DATA ELEMENTS--GENERAL INFORMATION
fixed length control field 250913s2003 ts g 000 0 ara c
024 0# - OTHER STANDARD IDENTIFIER
Standard number or code 00000000973944
040 ## - CATALOGING SOURCE
Original cataloging agency SA-JeALM
Language of cataloging ara
Transcribing agency SA-RiAUC
Modifying agency AE-DuMBRL
Description conventions rda
050 #4 - LIBRARY OF CONGRESS CALL NUMBER
Item number .I26 2003
082 04 - DEWEY DECIMAL CLASSIFICATION NUMBER
Classification number 232
Assigning agency SA-RiAUC
090 ## - LOCALLY ASSIGNED LC-TYPE CALL NUMBER (OCLC); LOCAL CALL NUMBER (RLIN)
Classification number (OCLC) (R) ; Classification number, CALL (RLIN) (NR) 232
Local cutter number (OCLC) ; Book number/undivided call number, CALL (RLIN) ا ب ن م
100 1# - MAIN ENTRY--PERSONAL NAME
Personal name ابن محمد، طارق بن عوض الله،
Dates associated with a name 1963-
Relator term مؤلف.
245 10 - TITLE STATEMENT
Title طليعة فقه الإسناد وكشف حقيقة المعترض على الأئمة النقاد /
Statement of responsibility, etc. أبو معاذ طارق بن عوض الله بن محمد.
250 ## - EDITION STATEMENT
Edition statement الطبعة الأولى، مزيدة منقحة.
264 #1 - PRODUCTION, PUBLICATION, DISTRIBUTION, MANUFACTURE, AND COPYRIGHT NOTICE
Place of production, publication, distribution, manufacture أبو ظبي :
Name of producer, publisher, distributor, manufacturer دار المحجة،
Date of production, publication, distribution, manufacture, or copyright notice 2005
300 ## - PHYSICAL DESCRIPTION
Extent 464 صفحة ؛
Dimensions 24 سم
336 ## - CONTENT TYPE
Content type term نص
Content type code txt
Source rdacontent
Materials specified كتاب
337 ## - MEDIA TYPE
Media type term بدون وسيط
Media type code n
Source rdamedia
338 ## - CARRIER TYPE
Carrier type term مجلد
Carrier type code nc
Source rdacarrier
520 ## - SUMMARY, ETC.
Summary, etc. يتناول كتاب (طليعة فقه الإسناد وكشف حقيقة المعترض على الأئمة النقاد) والذي قام بتأليفه أبي معاذ طارق بن عوض الله بن محمد، موضوع (فقه الإسناد) هذا الكتاب هو توطئة لنقد كتاب التعريف بأوهام قسم السنن إلى صحيح وضعيف، يلقى بها المؤلف الضوء على ما احتواه هذا الكتاب من تخليط صاحبه، فى أصول الحديث وفروعه وما صاحب ذلك من تدليس وتلبيس وتلاعب وتناقص وتهاتر، لم يجد له نظير، أو لا شبيها عند غير المعترض من أهل البدع والأهواء على كثرتهم فى كل زمان ومكان، وهذا الكتاب يكشف حقيقة هذا المعرض وتفضح ألاعيبه وأساليبه، فى تثبيت باطله وشذوذه ومبينه تقيض ذلك من فقه الشيخ الألبانى بهذا العلم الشريف، ودقائق الأسانيد والروايات، ومجليه لفقه علماء الحديث ونقاده فى نقد الأسانيد والكلام عليها.
650 #7 - SUBJECT ADDED ENTRY--TOPICAL TERM
Topical term or geographic name entry element الحديث
General subdivision إسناد
Source of heading or term aucsh
650 #7 - SUBJECT ADDED ENTRY--TOPICAL TERM
Topical term or geographic name entry element الحديث
General subdivision رواية
Source of heading or term aucsh
650 #7 - SUBJECT ADDED ENTRY--TOPICAL TERM
Topical term or geographic name entry element الحديث
General subdivision دفع مطاعن
Source of heading or term aucsh
700 12 - ADDED ENTRY--PERSONAL NAME
Relationship information مع (عمل) :
Personal name ابن محمد، طارق بن عوض الله،
Dates associated with a name 1963-.
Title of a work ردع الجاني المتعدي على الألباني
942 ## - ADDED ENTRY ELEMENTS (KOHA)
Source of classification or shelving scheme Dewey Decimal Classification
Koha item type Books
Suppress in OPAC No
949 ## - LOCAL PROCESSING INFORMATION (OCLC)
a SA-JeALM
d 250913
u mohamedma123
n 1
Holdings
Withdrawn status Lost status Source of classification or shelving scheme Damaged status Not for loan Home library Current library Date acquired Total checkouts Full call number Barcode Date last seen Price effective from Koha item type
    Dewey Decimal Classification     DR AbdElwahab Library DR AbdElwahab Library 09/16/2025   232 ا ب ن م 000019031 09/16/2025 09/16/2025 Books